[Event "IRI-ch U14 Girls"]
[Site "Chess.com INT"]
[Date "2021.01.16"]
[Round "7"]
[White "Majidi, Ronia"]
[Black "Mazdarani, Romina"]
[Result "0-1"]
[WhiteElo "1110"]
[BlackElo "1327"]
[PlyCount "82"]
[EventDate "2021.01.16"]
[EventType "swiss"]
[EventRounds "9"]
[EventCountry "IRI"]
[SourceTitle "EXT 2022"]
[Source "ChessBase"]
[SourceDate "2021.10.06"]
[SourceVersion "1"]
[SourceVersionDate "2021.10.06"]
[SourceQuality "1"]

1. e4 c6 2. d4 d5 3. exd5 cxd5 4. c4 Nf6 5. Nc3 e6 6. Nf3 Bb4 7. Bd3 Nc6 8. 0-0 0-0 9. a3 dxc4 10. Bxc4 Bxc3 11. bxc3 b6 12. Bg5 h6 13. Bh4 Bb7 14. Ne5 Nxe5 15. dxe5 Qxd1 16. Raxd1 Nd5 17. Rd3 Rac8 18. Bxd5 Bxd5 19. Rg3 Kh7 20. Be7 Rfe8 21. Bd6 Rc6 22. Rd1 Rec8 23. Rdd3 Rc4 24. h3 Re4 25. Kh2 Re2 26. f4 Rc4 27. f5 Be4 28. fxe6 fxe6 29. Rd1 Rf2 30. Re1 Bd5 31. Kg1 Rf7 32. Ree3 Rcf4 33. Rd3 Rf1+ 34. Kh2 Re1 35. Rd4 Rff1 36. Rgg4 Rh1+ 37. Kg3 Re2 38. Kh4 Bxg2 39. Rd3 Be4 40. Rdg3 g5+ 41. Kh5 Bg6# 0-1